Sciences par lettre - B - Statistiques

Statistiques générales
  • Ce quiz a été pris 316 fois
  • Le résultat moyen est 15 sur 20
Statistiques - réponses
Indices Réponses % Correct
Se dit d'une solution dont le pH est strictement supérieur à 7 Basique
94%
Instrument de navigation constitué d'une aiguille magnétisée qui indique le Nord magnétique Boussole
94%
Liquide visqueux et amer, de couleur jaune-verdâtre, sécrété par le foie Bile
92%
Plus grand mammifère vivant sur Terre {Baleine} {bleue}
91%
Modèle cosmologique utilisé par les scientifiques pour décrire l'origine et l'expansion de l'Univers {Big} {Bang}
91%
Organe respiratoire de la plupart des animaux aquatiques (poissons, mollusques, crustacés…) Branchie
91%
Micro-organisme unicellulaire procaryote, parfois responsable de maladies infectieuses Bactérie
89%
Système de numération en base deux n'utilisant que deux chiffres : 0 et 1 Binaire
89%
Dans le monde de l'informatique et du numérique, elle désigne la plus petite unité d’information Bit
86%
Instrument servant à mesurer la pression atmosphérique Baromètre
84%
Élément chimique (de symbole "Br") appartenant à la famille des halogènes (avec le fluor, le chlore et l'iode) Brome
78%
Tempête de neige accompagnée de vents violents et d'une visibilité réduite Blizzard
73%
Unité de mesure (de symbole "Bq") de l'activité d'une source radioactive Becquerel
71%
Demi-droite qui partage un angle en deux angles égaux Bissectrice
71%
Roche volcanique très sombre, principal constituant de la couche supérieure de la croûte océanique Basalte
64%
Prélèvement médical d'un échantillon de tissu ou d'organe Biopsie
61%
Ce scientifique, prénommé Niels, est connu pour sa théorie révolutionnaire sur la structure des atomes Bohr
54%
Cellule photoréceptrice de la rétine, indispensable à la vision en conditions de faible luminosité Bâtonnet
51%
Vaste ensemble d'écosystèmes partageant des conditions climatiques, ainsi qu'une faune et une flore similaires Biome
47%
Instrument de laboratoire permettant d'ajouter, au goutte-à-goutte si nécessaire, un certain volume de réactif Burette
42%
Aucun quiz correspondant
Distribution des résultats
% des personnes avec chaque résultat
Percentile par nombre de réponses
Votre historique - résultats
Vous n’avez pas pris ce quiz